Integrated strategies in architecture / (Record no. 1872)

MARC details
000 -LEADER
fixed length control field 01174nac a22003011u 4500
003 - CONTROL NUMBER IDENTIFIER
control field EG-ScBUE
005 - DATE AND TIME OF LATEST TRANSACTION
control field 20221012101650.0
008 - FIXED-LENGTH DATA ELEMENTS--GENERAL INFORMATION
fixed length control field 221012s2006 enka f bd 001 0 eng d
020 ## - INTERNATIONAL STANDARD BOOK NUMBER
International Standard Book Number 9780415360845
020 ## - INTERNATIONAL STANDARD BOOK NUMBER
International Standard Book Number 0415360846 (pb : alk. paper)
040 ## - CATALOGING SOURCE
Original cataloging agency EG-ScBUE
Language of cataloging eng
Description conventions rda
Transcribing agency EG-ScBUE
Modifying agency EG-ScBUE
082 04 - DEWEY DECIMAL CLASSIFICATION NUMBER
Classification number 720.68
Item number ZUN
Edition number 22
100 1# - MAIN ENTRY--PERSONAL NAME
Personal name Zunde, J. M.‏
Fuller form of name (Joan M.),‏
Dates associated with a name 1928-
Relator term author.
245 10 - TITLE STATEMENT
Title Integrated strategies in architecture /
Statement of responsibility, etc Joan Zunde and Hocine Bougdah.
264 #1 - PUBLICATION, DISTRIBUTION, ETC. (IMPRINT)
Place of publication, distribution, etc Oxon ;
-- New York :
Name of publisher, distributor, etc Taylor & Francis,
Date of publication, distribution, etc 2006.
300 ## - PHYSICAL DESCRIPTION
Extent viii,301 pages :
Other physical details illustrations ;
Dimensions 20 cm.
490 0# - SERIES STATEMENT
Series statement Technologies of architecture ;
Volume number/sequential designation volume 1
500 ## - GENERAL NOTE
General note Includes glossary.<br/>
504 ## - BIBLIOGRAPHY, ETC. NOTE
Bibliography, etc Includes bibliographical references and index.<br/>
650 #7 - SUBJECT ADDED ENTRY--TOPICAL TERM
Topical term or geographic name as entry element Architectural design.
Source of heading or term BUEsh
650 #7 - SUBJECT ADDED ENTRY--TOPICAL TERM
Topical term or geographic name as entry element Architectural practice.
Source of heading or term BUEsh
9 (RLIN) 37735
653 ## - INDEX TERM--UNCONTROLLED
Resource For college Engineering, Architecture
655 ## - INDEX TERM--GENRE/FORM
Form subdivision Reading book
700 1# - ADDED ENTRY--PERSONAL NAME
Personal name Bougdah, Hocine,
Relator term author.
856 41 - ELECTRONIC LOCATION AND ACCESS
Materials specified Table of contents only
Uniform Resource Identifier <a href="http://www.loc.gov/catdir/toc/ecip0519/2005028145.html">http://www.loc.gov/catdir/toc/ecip0519/2005028145.html</a>
856 41 - ELECTRONIC LOCATION AND ACCESS
Materials specified Publisher description
Uniform Resource Identifier <a href="http://www.loc.gov/catdir/enhancements/fy0653/2005028145-d.html">http://www.loc.gov/catdir/enhancements/fy0653/2005028145-d.html</a>
942 ## - ADDED ENTRY ELEMENTS (KOHA)
Koha item type Book - Borrowing
Source of classification or shelving scheme Dewey Decimal Classification
Holdings
Withdrawn status Lost status Damaged status Not for loan Home library Current library Shelving location Date acquired Source of acquisition Total Checkouts Total Renewals Full call number Barcode Date last seen Date checked out Cost, replacement price Price effective from Koha item type
        Central Library Central Library Second Floor 01/02/2007 Purchase 4 3 720.68 ZUN 000002444 15/07/2025 29/09/2015 250.00 01/02/2007 Book - Borrowing
        Central Library Central Library Second Floor 07/02/2013 Purchase 7 9 720.68 ZUN 000002098 15/07/2025 22/12/2016 275.00 13/02/2007 Book - Borrowing